000 00916nam a22002177a 4500
003 OSt
005 20250916094855.0
008 240228b ||||| |||| 00| 0 eng d
040 _c0
082 _aDPer 621.317 Ie21 June 2022 v. 37 n. 6
100 _aFeng, Liyun.
_eauthor.
_953599
245 _aDirect torque control with variable flux for an SRM based on hybrid optimization algorithm /
_cLiyun Feng, Xiaodong Sun, Xiang Tian, and Kaikai Diao.
260 _aNew York ;
_bThe Institute of Electrical and Electronics Engineers, Inc. ,
_cJune 2022.
300 _aVolume 37, pages 6688-6697 :
_billustration ;
_c29 cm.
500 _aIEEE Transactions on Power Electronics, vol. 37, no. 6, pages 6688-6697, June 2022.
700 _aFeng, Liyun.
_eauthor.
_953599
700 _aSun, Xiaodong.
_eauthor.
_953600
700 _aTian, Xiang.
_eauthor.
_953601
700 _aDiao, Kaikai.
_eauthor.
_953602
942 _2ddc
_cPER
999 _c19419
_d19419